Тумского К. И.

Доступно только в Электронных читальных залах Найти на картеНа карте
RUSMARC
00003889nac2a22002891x 450
0011d80186a-6f17-489b-8eb0-18e1cca44e6c
00520131106055359.0
100##$a20130605l19121912k y0rusy50 ca
1010#$arus
102##$aRU
105##$ay z |||||
1222#$ad19121123
$ad19121206
2001#$aТумского К. И.
$j23 ноября 1912 - 6 декабря 1912
215##$a4 листа
251##$cДело
300##$aЗаголовок дела на папке: Письма Тумского К. И. Кони Анатолию Федоровичу
300##$a3 письма
300##$aРукописный текст
330##$aПереписка А. Ф. Кони; Письма к А. Ф. Кони
461#0$10013a54f2e3-e9cf-409b-80fa-f0a9bd3c40cb
$12001
$aКони Анатолий Федорович, юрист, литератор, член академии наук, председатель Санкт-Петербургского окружного суда, член государственного совета
$1251
$cФонд
$1852
$j564
462#0$100178a475cd-a47d-4377-bff3-cee4b81de655
$12001
$aОпись дел фонда А. Ф. Кони за 1880-1931 гг.
$1251
$cОпись
$1852
$j1
517##$aПисьма Тумского К. И. Кони Анатолию Федоровичу
600#1$aКони
$bА. Ф.
$f1844-1927
$gАнатолий Федорович
600#1$aТумский
$bК. И.
801#0$aRU
$bGA_RF
801#1$aRU
$bНПО Опыт
$c20130605
$2rusmarc
801#2$aRU
$bПБ им. Б.Н. Ельцина
$c20131106
$gRCR
$2rusmarc
852##$aГА РФ
$j3486
937##$d40867039
$hПБ
035##$aRuPRLIB51006112
Формат отображения